000 00432nam a2200145Ia 4500
008 230917s9999||||xx |||||||||||||| ||und||
040 _e172192
_aMAIN
041 _aEnglish
082 _a891.437731 SV91M
100 _aसाव, विनोद
245 0 _aमेरा मध्यप्रदेशीय ह्रदय
260 _aहिसार
_bअमन प्रकाशन
_c1993
300 _a127 p.
942 _cHN
999 _c84596
_d84596